000
00306nam a2200145Ia 4500
001
9502
003
GE_BSU
008
181216s||||||||xx |||||||||||||| ||und||
040
_c
GE_BSU
245
_a
Le Point №2165. 13 mars 2014
260
_c
2014
300
_a
98p.27cm.
653
_a
Le Point
942
_c
CR
999
_c
42796
_d
42796